| 000 | 00586nam a2200181Ia 4500 | ||
|---|---|---|---|
| 001 | 20147 | ||
| 005 | 20260306172745.0 | ||
| 008 | 260306t2011||||xx |||||||||||||| ||spa|| | ||
| 041 | _aESP | ||
| 082 |
_a342.8 _bA36 |
||
| 100 |
_aAlbiez Dohrmann, Klaus Jochen _eAUT |
||
| 245 | 0 |
_aDerecho privado europeo y modernización del derecho contractual en España: _bincluye la propuesta de anteproyecto de ley de modernización del derecho de obligaciones y contratos |
|
| 260 | _c2011 | ||
| 300 |
_a626 páginas : _c24 cm. |
||
| 650 | _aGEN | ||
| 654 | _aCDE | ||
| 942 |
_cLIB _dJUS _fJUS _2ddc _n |
||
| 999 |
_c20147 _d20147 |
||